<?xml version="1.0" encoding="UTF-8"?>
<collection xmlns="http://www.loc.gov/MARC21/slim">
 <record>
  <leader>01675naa a2200361   4500</leader>
  <controlfield tag="001">1760585122</controlfield>
  <controlfield tag="003">DE-627</controlfield>
  <controlfield tag="005">20210616141949.0</controlfield>
  <controlfield tag="007">cr uuu---uuuuu</controlfield>
  <controlfield tag="008">210616s2020    xx |||||oo    00| ||eng c</controlfield>
  <datafield tag="024" ind1="7" ind2=" ">
   <subfield code="a">10.3202/caa.reviews.2020.7</subfield>
   <subfield code="2">doi</subfield>
  </datafield>
  <datafield tag="035" ind1=" " ind2=" ">
   <subfield code="a">(DE-627)1760585122</subfield>
  </datafield>
  <datafield tag="035" ind1=" " ind2=" ">
   <subfield code="a">(DE-599)KXP1760585122</subfield>
  </datafield>
  <datafield tag="040" ind1=" " ind2=" ">
   <subfield code="a">DE-627</subfield>
   <subfield code="b">ger</subfield>
   <subfield code="c">DE-627</subfield>
   <subfield code="e">rda</subfield>
  </datafield>
  <datafield tag="041" ind1=" " ind2=" ">
   <subfield code="a">eng</subfield>
  </datafield>
  <datafield tag="100" ind1="1" ind2=" ">
   <subfield code="a">Dietrich, Nikolaus</subfield>
   <subfield code="d">1980-</subfield>
   <subfield code="e">VerfasserIn</subfield>
   <subfield code="0">(DE-588)140573569</subfield>
   <subfield code="0">(DE-627)619809809</subfield>
   <subfield code="0">(DE-576)316089826</subfield>
   <subfield code="4">aut</subfield>
  </datafield>
  <datafield tag="245" ind1="1" ind2="0">
   <subfield code="a">[Rezension von: J. Michael Padgett, ed., The Berlin painter and his world]</subfield>
   <subfield code="c">Nikolaus Dietrich</subfield>
  </datafield>
  <datafield tag="264" ind1=" " ind2="1">
   <subfield code="c">January 16, 2020</subfield>
  </datafield>
  <datafield tag="300" ind1=" " ind2=" ">
   <subfield code="a">?</subfield>
  </datafield>
  <datafield tag="336" ind1=" " ind2=" ">
   <subfield code="a">Text</subfield>
   <subfield code="b">txt</subfield>
   <subfield code="2">rdacontent</subfield>
  </datafield>
  <datafield tag="337" ind1=" " ind2=" ">
   <subfield code="a">Computermedien</subfield>
   <subfield code="b">c</subfield>
   <subfield code="2">rdamedia</subfield>
  </datafield>
  <datafield tag="338" ind1=" " ind2=" ">
   <subfield code="a">Online-Ressource</subfield>
   <subfield code="b">cr</subfield>
   <subfield code="2">rdacarrier</subfield>
  </datafield>
  <datafield tag="500" ind1=" " ind2=" ">
   <subfield code="a">Gesehen am 16.06.2021</subfield>
  </datafield>
  <datafield tag="655" ind1=" " ind2="7">
   <subfield code="a">Rezension</subfield>
   <subfield code="0">(DE-588)4049712-4</subfield>
   <subfield code="0">(DE-627)106186019</subfield>
   <subfield code="0">(DE-576)209083166</subfield>
   <subfield code="2">gnd-content</subfield>
  </datafield>
  <datafield tag="773" ind1="0" ind2="8">
   <subfield code="i">Enthalten in</subfield>
   <subfield code="a">College Art Association</subfield>
   <subfield code="t">CAA reviews</subfield>
   <subfield code="d">New York, NY : CAA, 1998</subfield>
   <subfield code="g">(2020)</subfield>
   <subfield code="h">Online-Ressource</subfield>
   <subfield code="w">(DE-627)336034571</subfield>
   <subfield code="w">(DE-600)2061029-4</subfield>
   <subfield code="w">(DE-576)252973887</subfield>
   <subfield code="x">1543-950X</subfield>
   <subfield code="7">|||s</subfield>
  </datafield>
  <datafield tag="773" ind1="1" ind2="8">
   <subfield code="g">year:2020</subfield>
   <subfield code="g">extent:?</subfield>
  </datafield>
  <datafield tag="787" ind1="0" ind2="8">
   <subfield code="i">Rezension von</subfield>
   <subfield code="t">The Berlin painter and his world</subfield>
   <subfield code="d">Princeton, New Jersey : Princeton University Art Museum, 2017</subfield>
   <subfield code="h">XVII, 430 Seiten</subfield>
   <subfield code="w">(DE-627)1624346251</subfield>
   <subfield code="w">(DE-576)485764148</subfield>
   <subfield code="z">9780300225938</subfield>
   <subfield code="z">0300225938</subfield>
   <subfield code="z">9780943012186</subfield>
  </datafield>
  <datafield tag="856" ind1="4" ind2="0">
   <subfield code="u">https://doi.org/10.3202/caa.reviews.2020.7</subfield>
   <subfield code="x">Verlag</subfield>
   <subfield code="x">Resolving-System</subfield>
   <subfield code="z">lizenzpflichtig</subfield>
   <subfield code="3">Volltext</subfield>
  </datafield>
  <datafield tag="936" ind1="u" ind2="w">
   <subfield code="j">2020</subfield>
   <subfield code="g">?</subfield>
  </datafield>
  <datafield tag="951" ind1=" " ind2=" ">
   <subfield code="a">AR</subfield>
  </datafield>
  <datafield tag="994" ind1=" " ind2=" ">
   <subfield code="u">http://www.caareviews.org/reviews/3584</subfield>
  </datafield>
  <datafield tag="991" ind1=" " ind2=" ">
   <subfield code="a">Rezension (Monographie, Zeitschrift, Aufsatz)</subfield>
  </datafield>
  <datafield tag="999" ind1=" " ind2=" ">
   <subfield code="a">KXP-PPN1760585122</subfield>
   <subfield code="e">401778691X</subfield>
  </datafield>
 </record>
</collection>
